Govt. of
Madhya Pradesh

Advancement Of Scince And Technology In Ancient India (Record no. 68509)

MARC details
000 -LEADER
fixed length control field 00296nam a22001097a 4500
082 ## - DEWEY DECIMAL CLASSIFICATION NUMBER
Classification number 500/SIN
100 ## - MAIN ENTRY--AUTHOR NAME
Personal name Singh,Harendra
245 ## - TITLE STATEMENT
Title Advancement Of Scince And Technology In Ancient India
260 ## - PUBLICATION, DISTRIBUTION, ETC. (IMPRINT)
Place of publication New Delhi
Name of publisher Shree Publishers & Distributors
Year of publication 2022
650 ## - SUBJECT ADDED ENTRY--TOPICAL TERM
Topical Term Science
942 ## - ADDED ENTRY ELEMENTS (KOHA)
Koha item type Books
Holdings
Withdrawn status Lost status Damaged status Not for loan Home library Current library Date acquired Cost, normal purchase price Full call number Accession Number Price effective from Koha item type
        MACL MACL 27/12/2025 1500.00 500/SIN CRE040352 27/12/2025 Books